U.S. States Bigger than the U.K. - Whammies - Statistics

General Stats
  • This quiz has been taken 60 times
  • The average score is 8 of 11
Answer Stats
State Area (sq mi) Area (sq km) % Correct
California 163,696 423,970
98%
Texas 268,596 695,662
98%
Alaska 663,267 1,717,856
95%
Montana 147,040 380,831
86%
Arizona 113,990 295,234
74%
Nevada 110,572 286,380
68%
New Mexico 121,590 314,917
65%
Wyoming 97,813 253,600
65%
Colorado 104,094 269,837
61%
Oregon 98,381 254,800
44%
Michigan 96,714 250,493
19%
No matching quizzes found
Score Distribution
Percent of People with Each Score
Percentile by Number Answered
Your Score History
You have not taken this quiz